|
|
|
|
| LEADER |
00000nab a2200000 a 4500 |
| 001 |
vtls000866480 |
| 003 |
SK-MaSNL |
| 005 |
20260304120047.0 |
| 008 |
250429c2004 xo 0 slo |
| 015 |
|
|
|a SNBRB2004/03-08826
|
| 035 |
|
|
|a CLN000218032
|
| 035 |
|
|
|a urn:nbn:sk:snk-ab1esm
|
| 035 |
|
|
|a (urnnbn)urn:nbn:sk:snk:ar-0032gc
|
| 035 |
|
|
|a (uuid)887aaf31-03bc-45e0-ba88-6daa6a6e4330
|
| 040 |
|
|
|a SNKBUCL
|b slo
|c SNKBUCL
|e AACR2
|
| 041 |
0 |
|
|a slo
|
| 044 |
|
|
|a xo
|c SK
|
| 080 |
|
|
|a 336.76
|2 1997
|
| 100 |
1 |
|
|a Ravinger, Vladimír
|4 aut
|9 1155739
|
| 245 |
1 |
0 |
|a Akciové indexy
|b takmer všetci o nich počuli, ale málokto ich pozná
|c Vladimír Ravinger
|
| 300 |
|
|
|b Tab.
|
| 650 |
0 |
7 |
|a trh kapitálový
|x indexy akciové
|2 snkbucl
|9 1423416
|
| 655 |
|
7 |
|a články z novín a časopisov
|2 snkbucl
|9 267496
|
| 773 |
0 |
|
|t Investor
|g Roč. 5, č. 1 (2004), s. 30-31
|
| 850 |
|
|
|a Slovenská národná knižnica
|
| 852 |
|
|
|a Slovenská národná knižnica
|
| 954 |
|
|
|a odborná, vedecká literatúra pôvodná (slovenská)
|2 lita
|
| 958 |
|
|
|a article2022
|
| 958 |
|
|
|a OND
|
| 958 |
|
|
|a EUIPO
|
| 992 |
|
|
|a RBX
|
| 999 |
|
|
|c 2878522
|d 2880452
|